| 000 | 00948nam1a22002411i 4500 | ||
|---|---|---|---|
| 001 | v19\rc\1931461 | ||
| 005 | 20240723215102.0 | ||
| 035 | _a(NLR Aleph) 005016616 | ||
| 090 |
_a6544491 _c6544491 |
||
| 100 | _a20080404e19121913|||y0rusy50 ca | ||
| 101 | 0 | _arus | |
| 102 | _aRU | ||
| 105 | _ay j ||||| | ||
| 200 | 1 |
_aФакты и воспоминания из жизни герцоговинца на службе по духовно-учебному ведомству _e[1-2] _fПрот. И. Пачета |
|
| 210 |
_aХарьков _cтип. "Мирный труд" _d1912-1913 |
||
| 215 |
_a2 т. _d24 |
||
| 311 | _aОтт. из ж.: "Вера и разум" за 1911-1913 г. | ||
| 488 | 0 |
_12001#$aВера и разум$v1911-1913 _tВера и разум |
|
| 700 | 1 |
_aПачета _bИ.Х. _f1844- _gИоанн Христофорович |
|
| 801 | 0 |
_aRU _bNLR _gpsbo |
|
| 801 | 1 |
_aRU _bProSoft-M _2rusmarc |
|
| 852 |
_aNLR _j37.38.6.75 |
||
| 942 | _cBOOK | ||